| 000 | nam a22 7a 4500 | ||
|---|---|---|---|
| 999 |
_c329543 _d329543 |
||
| 003 | NUST | ||
| 005 | 20170615122439.0 | ||
| 008 | 170512b xxu||||| |||| 00| 0 eng d | ||
| 020 | _a9789693519662 | ||
| 040 | _cNUST | ||
| 041 | _hurdu | ||
| 082 |
_a891.4392 _bAHM |
||
| 100 |
_aAhmed, Ishfaq _9648 |
||
| 245 |
_aBanda-i zamaana talqin shah _cby Ashfaq Ahmad |
||
| 260 |
_aLahore: _bSang-e- Meel publications, _c2007 |
||
| 300 | _a360 p. | ||
| 650 |
_aUrdu Literature _9347 |
||
| 650 |
_aRadio darama _9649 |
||
| 880 |
_6100-01\(3\r _aاشفاق احمد |
||
| 880 |
_6245-02\(3\r _aبندہ زمانہ _bتلقین شاہ _cاشفاق احمد |
||
| 880 |
_6260-03\(3\r _aلاہور: _bسنگ میل پبلی کیشنز، _c2007 |
||
| 942 |
_2ddc _cBK |
||